000 01358nam2a22002651 4500
001 v19\rc\1347596
005 20250618074303.0
035 _a(NLR Aleph) 004493719
090 _a4661737
_c4661737
100 _a20060512e18611861|||y0rusy50 ca
101 0 _arus
102 _aRU
105 _ay z |||||
200 0 _a[2]. (Окончание)
210 _d1861]
_aБ. м.
215 _a31-54 с.
311 _aИзвлеч. из "Журн. М-ва нар. прос." на 1861 г.
461 0 _1001v19\rc\1347594
_12001#$aОчерк жизни и деятельности английского педагога Фомы Арнольда$e[1-2]$f[А. Печкин]$v[2]. (Окончание)
_1700#1$aПечкин$bА.М.$gАндрей Михайлович
_94661731
_aПечкин, А.М.
_cСанкт-Петербург
_d1861]
_f[А. Печкин]
_o[1-2]
_p2 отт.
_tОчерк жизни и деятельности английского педагога Фомы Арнольда
_v[2]. (Окончание)
488 0 _12001#$aЖурнал Министерства народного просвещения$v1861
_tЖурнал Министерства народного просвещения
801 0 _aRU
_bNLR
_gpsbo
801 0 _aRU
_bRuMoRGB
_2psbo
801 1 _aRU
_bProSoft-M
_2rusmarc
852 _aNLR
_j18.100.4.199
942 _cBOOK
980 _aNB